zpět

Detail výsledku týmu

Opera restaurant, Odolena Voda

Datum a čas kvízu

32 Celkem bodů Celkový počet nahraných bodů na tomto kvízu bez doplňovacích otázek.
5. Pořadí na kvízu Konečné umístění týmu na tomto kvízu.

Zaznamenané odpovědi

# Otázka Odpověď Body Výsledky
1. Jak se jmenuje funkcionář, jem... Josef Středula 1
2. Na mezinárodní vesmírnou stani... americká (3 členové), ruská (1 člen) 0.5
3. Po Taťáně Kuchařové, která tri... Krystyna Pyszková 1
4. Od středy minulého týdne je za... HHC 1
5. Ve čtvrtek byla odehrána evrop... 3 : 9 0
6. Začneme prvním českým králem p... Přemysl Otakar II., 1278 0
7. Další „slavnou“ prohrou, která... stoletá válka 0
8. V bitvě u Lipan, kterou řadí m... z Dubé 1
9. Bitva na Bílé hoře zpečetila o... v 17. století 0
10. Zástupce kterého z těchto stát... B) Španělska 1